00458 2200181 4500245005200000020002200052250001100074100001600085700001500101650003900116650001400155005001900169260003300188041001400221084001000235300002200245336000900267 aBuku Terlengkap tentang BayicTim PenulishText a978-602-255-035-8 aCet. 1 aTim Penulis aTim Editor aPertumbungan dan Perkembangan Bayi aKehamilan a20230525100641 aYogyakartabFlashBooksc2013 aIndonesia a612.6 a478 hlm. :cilus. atext